[Event "EU-ch U18 Girls"]
[White "Zpevakova, Jana"]
[Black "Sanal, Suna"]
[Site "Prague"]
[Round "2"]
[Result "1/2-1/2"]
[Date "2012.08.18"]
[WhiteElo "1901"]
[BlackElo "1744"]
[PlyCount "123"]
[EventDate "2012.08.17"]
[EventType "swiss"]
[EventRounds "9"]
[EventCountry "CZE"]
[SourceTitle "CBM 150 Extra"]
[Source "ChessBase"]
[SourceDate "2012.10.19"]
[SourceVersion "1"]
[SourceVersionDate "2012.10.19"]
[SourceQuality "1"]

1. d4 d5 2. c4 e6 3. Nc3 Nf6 4. Bg5 Nbd7 5. Nf3 Be7 6. e3 0-0 7. Be2 c6 8. 0-0 b6 9. Rc1 Bb7 10. Nd2 Rc8 11. cxd5 exd5 12. Bf3 Re8 13. Re1 Nf8 14. Nf1 Ne6 15. Bh4 Qd7 16. h3 Red8 17. Nh2 c5 18. Bg3 c4 19. Ng4 Nxg4 20. Bxg4 a6 21. f4 Bf6 22. Rf1 b5 23. Qe1 Qe7 24. Kh2 Bc6 25. a3 a5 26. Na2 Ra8 27. Qd2 Qb7 28. h4 Qe7 29. h5 h6 30. Bf5 Nf8 31. Bb1 Re8 32. Rce1 Qd7 33. Qd1 Qe7 34. Qd2 Qd7 35. Bc2 Be7 36. Rh1 Bd6 37. Kg1 Qe7 38. Bh4 f6 39. Bd1 b4 40. axb4 axb4 41. Nc1 b3 42. Qf2 Bb4 43. Kh2 Bxe1 44. Rxe1 Ra1 45. Qd2 Qa7 46. Ne2 Ne6 47. Nc3 Nc7 48. Bf3 Rxe1 49. Bxe1 Qa1 50. g4 Rf8 51. f5 Re8 52. Bg3 Qa5 53. Qc1 Re7 54. Kg2 Na6 55. Be2 Nb4 56. Bd6 Re8 57. Bxb4 Qxb4 58. Bf3 Qd6 59. Qd2 Kh8 60. Qc1 Qe7 61. Kf2 Qd6 62. Kg2 1/2-1/2

[Event "TUR-chT"]
[White "Kaplan, Ebru"]
[Black "Sanal, Suna"]
[Site "Konya"]
[Round "11"]
[Result "1-0"]
[Date "2012.07.20"]
[WhiteElo "1893"]
[BlackElo "1777"]
[PlyCount "57"]
[EventDate "2012.07.11"]
[EventType "team-tourn"]
[EventRounds "13"]
[EventCountry "TUR"]
[SourceTitle "CBM 149 Extra"]
[Source "ChessBase"]
[SourceDate "2012.08.24"]
[SourceVersion "1"]
[SourceVersionDate "2012.08.24"]
[SourceQuality "1"]
[WhiteTeam "Tarsus Zeka"]
[BlackTeam "Manisa TS Alyans"]
[WhiteTeamCountry "TUR"]
[BlackTeamCountry "TUR"]

1. e4 c5 2. Nf3 e6 3. d4 cxd4 4. Nxd4 a6 5. Bd3 Qc7 6. 0-0 Nf6 7. Qe2 d6 8. c4 Nbd7 9. f4 Be7 10. Nc3 0-0 11. Bd2 Rd8 12. Kh1 b6 13. b4 Bb7 14. a3 Bf8 15. Rae1 g6 16. e5 Nh5 17. f5 dxe5 18. fxg6 hxg6 19. Bxg6 fxg6 20. Nxe6 Qd6 21. Nxd8 Rxd8 22. Bg5 Be7 23. c5 bxc5 24. Qa2+ Kh8 25. Rd1 Qxd1 26. Rxd1 Bxg5 27. Qf7 Nf4 28. Rxd7 Rxd7 29. Qe8+ 1-0

[Event "TUR-chT"]
[White "Sanal, Suna"]
[Black "Gurcan, Aytolun"]
[Site "Konya"]
[Round "4"]
[Result "0-1"]
[Date "2012.07.14"]
[WhiteElo "1777"]
[BlackElo "1657"]
[PlyCount "114"]
[EventDate "2012.07.11"]
[EventType "team-tourn"]
[EventRounds "13"]
[EventCountry "TUR"]
[SourceTitle "CBM 149 Extra"]
[Source "ChessBase"]
[SourceDate "2012.08.24"]
[SourceVersion "1"]
[SourceVersionDate "2012.08.24"]
[SourceQuality "1"]
[WhiteTeam "Manisa TS Alyans"]
[BlackTeam "Denizli Er Bakir"]
[WhiteTeamCountry "TUR"]
[BlackTeamCountry "TUR"]

1. e4 c5 2. Nf3 Nc6 3. Bb5 g6 4. 0-0 Bg7 5. Re1 Nf6 6. c3 0-0 7. d4 cxd4 8. cxd4 e6 9. a4 Qc7 10. Nc3 d6 11. h3 Ne7 12. Bf4 Nd7 13. Rc1 Qb8 14. Qd2 a6 15. Bf1 b6 16. Bh6 Bb7 17. Bxg7 Kxg7 18. d5 e5 19. b4 h6 20. Bd3 a5 21. Bb5 Qd8 22. Bxd7 Qxd7 23. Nb5 Rfc8 24. Rxc8 Rxc8 25. bxa5 bxa5 26. Rc1 Rxc1+ 27. Qxc1 Ba6 28. Qc7 Bxb5 29. Qxa5 Bxa4 30. Nd2 f5 31. exf5 gxf5 32. Nc4 Bb3 33. Nb6 Qb7 34. Qb4 Nxd5 35. Qxb3 Nxb6 36. Qg3+ Kh7 37. Qd3 Qd7 38. g4 e4 39. Qd4 Qc6 40. gxf5 Qc1+ 41. Kh2 Qf4+ 42. Kg1 Nc8 43. Qd5 Qg5+ 44. Kf1 Qc1+ 45. Kg2 Qg5+ 46. Kf1 Ne7 47. Qxd6 Nxf5 48. Qd7+ Ng7 49. Qd4 Qf5 50. Kg2 Ne6 51. Qd7+ Kg6 52. Qd6 Kh5 53. Qd1+ Kg5 54. Qb3 Nf4+ 55. Kh2 Qxh3+ 56. Qxh3 Nxh3 57. Kxh3 Kf4 0-1

[Event "EU-ch U18 Girls"]
[White "Sanal, Suna"]
[Black "Kantor, Reka"]
[Site "Albena"]
[Round "7"]
[Result "1/2-1/2"]
[Date "2011.09.18"]
[WhiteElo "1728"]
[BlackElo "1962"]
[PlyCount "85"]
[EventDate "2011.09.11"]
[EventType "swiss"]
[EventRounds "9"]
[EventCountry "BUL"]
[SourceTitle "CBM 144 Extra"]
[Source "ChessBase"]
[SourceDate "2011.10.28"]
[SourceVersion "1"]
[SourceVersionDate "2011.10.28"]
[SourceQuality "1"]

1. e4 e5 2. Nf3 Nc6 3. Nc3 Bc5 4. Nxe5 Nxe5 5. d4 Bxd4 6. Qxd4 Qf6 7. Be3 Nc6 8. Qd2 d6 9. 0-0-0 h6 10. f4 Be6 11. Be2 Qe7 12. g4 0-0-0 13. Bf3 f6 14. h4 Qd7 15. Rdg1 Nge7 16. Nd5 a6 17. Qc3 Rde8 18. Bf2 Rhf8 19. g5 hxg5 20. hxg5 f5 21. Qxg7 Bxd5 22. exd5 Nb4 23. a3 Nbxd5 24. Qd4 Nb6 25. Bh5 Rd8 26. g6 Rg8 27. Bh4 Nc6 28. Qd3 Rdf8 29. Bf3 Ne7 30. Bxe7 Qxe7 31. Rh7 Rg7 32. Rxg7 Qxg7 33. Qc3 Rg8 34. Qd3 Qf6 35. g7 Rxg7 36. Rxg7 Qxg7 37. Qxf5+ Kb8 38. Qe4 d5 39. Qe5 Qg1+ 40. Bd1 Nc4 41. Qxd5 Qe3+ 42. Kb1 Qxf4 43. Qd3 1/2-1/2

[Event "EU-ch U18 Girls"]
[White "Messina, Roberta"]
[Black "Sanal, Suna"]
[Site "Albena"]
[Round "6"]
[Result "1-0"]
[Date "2011.09.17"]
[WhiteElo "1970"]
[BlackElo "1728"]
[PlyCount "83"]
[EventDate "2011.09.11"]
[EventType "swiss"]
[EventRounds "9"]
[EventCountry "BUL"]
[SourceTitle "CBM 144 Extra"]
[Source "ChessBase"]
[SourceDate "2011.10.28"]
[SourceVersion "1"]
[SourceVersionDate "2011.10.28"]
[SourceQuality "1"]

1. c4 Nf6 2. Nc3 g6 3. e4 d6 4. d4 Bg7 5. Nf3 0-0 6. Be2 e5 7. dxe5 dxe5 8. Qxd8 Rxd8 9. Bg5 Re8 10. Rd1 c6 11. 0-0 Nbd7 12. Rd6 Bf8 13. Rd2 Bb4 14. Bd3 b6 15. Rfd1 Nh5 16. Bf1 f6 17. Be3 Ng7 18. Rxd7 Bxd7 19. Rxd7 Red8 20. Rxd8+ Rxd8 21. Na4 Ne6 22. a3 Be7 23. b4 Kf7 24. Nc3 Rd7 25. g3 Bf8 26. Kg2 Ke8 27. c5 b5 28. Nxb5 Rb7 29. Nc3 a5 30. b5 Bxc5 31. bxc6 Rb8 32. Bxc5 Nxc5 33. c7 Rc8 34. Bb5+ Ke7 35. Nd5+ Kd6 36. Nd2 Nxe4 37. Nc4+ Kc5 38. Ba6 Rf8 39. Ne7 Nd6 40. Nxd6 Kxd6 41. c8Q Rxc8 42. Nxc8+ 1-0

[Event "EU-ch U18 Girls"]
[White "Sanal, Suna"]
[Black "Gevorgyan, Maria"]
[Site "Albena"]
[Round "1"]
[Result "1/2-1/2"]
[Date "2011.09.11"]
[WhiteElo "1728"]
[BlackElo "2047"]
[PlyCount "106"]
[EventDate "2011.09.11"]
[EventType "swiss"]
[EventRounds "9"]
[EventCountry "BUL"]
[SourceTitle "CBM 144 Extra"]
[Source "ChessBase"]
[SourceDate "2011.10.28"]
[SourceVersion "1"]
[SourceVersionDate "2011.10.28"]
[SourceQuality "1"]

1. e4 e5 2. Nf3 Nf6 3. Nc3 Nc6 4. d4 exd4 5. Nxd4 Bb4 6. Nxc6 bxc6 7. Bd3 d5 8. exd5 cxd5 9. 0-0 0-0 10. Bg5 c6 11. Qf3 Bd6 12. Rfe1 Rb8 13. Rab1 h6 14. Bxf6 Qxf6 15. Qxf6 gxf6 16. Ne2 Rb4 17. c3 Rh4 18. g3 Ra4 19. a3 c5 20. Bb5 Ra5 21. Bc6 Be6 22. Rbd1 c4 23. Nd4 Bg4 24. Rd2 Rc8 25. Re8+ Rxe8 26. Bxe8 Kf8 27. Bc6 Rc5 28. Ba4 a6 29. Bd1 Bd7 30. Bf3 Be6 31. Nc2 Rb5 32. Ne3 d4 33. Rxd4 Bc5 34. Rd2 Bxe3 35. fxe3 Kg7 36. Kf2 Kg6 37. e4 f5 38. Ke3 fxe4 39. Bxe4+ Kf6 40. Rf2+ Ke5 41. Bh7 f5 42. Bg6 Rd5 43. Rd2 Rxd2 44. Kxd2 Bd5 45. Ke3 Bg8 46. Be8 Bd5 47. Bd7 Bf7 48. Bc6 Be6 49. Kf3 a5 50. Bb7 Bd7 51. Ke3 Be6 52. Bc6 Kd6 53. Bb7 Ke5 1/2-1/2

[Event "TUR-chT"]
[White "Alev, Gonulden Seda"]
[Black "Sanal, Suna"]
[Site "Konya"]
[Round "10"]
[Result "1-0"]
[Date "2011.07.06"]
[WhiteElo "1605"]
[BlackElo "1685"]
[PlyCount "71"]
[EventDate "2011.06.28"]
[EventType "team-swiss"]
[EventRounds "13"]
[EventCountry "TUR"]
[SourceTitle "CBM 143 Extra"]
[Source "ChessBase"]
[SourceDate "2011.08.29"]
[SourceVersion "1"]
[SourceVersionDate "2011.08.29"]
[SourceQuality "1"]
[WhiteTeam "Yesilkoy"]
[BlackTeam "Bursa Tophane"]
[WhiteTeamCountry "TUR"]
[BlackTeamCountry "TUR"]

1. e4 c5 2. Nf3 e6 3. d4 cxd4 4. Nxd4 a6 5. Nc3 b5 6. a3 Bb7 7. Be2 d6 8. Be3 Nf6 9. f3 Be7 10. 0-0 Nbd7 11. Qe1 0-0 12. Kh1 Qc7 13. g4 Nb6 14. Qg3 Rfd8 15. h4 Nfd7 16. g5 Ne5 17. h5 Qd7 18. b3 Rac8 19. Nd1 Qc7 20. g6 hxg6 21. hxg6 Nxg6 22. Nxe6 Qxc2 23. Nxd8 Qxe2 24. Re1 Qd3 25. Nf2 Qxb3 26. Nxb7 Bh4 27. Qh3 Rc3 28. Reb1 Qc4 29. Bxb6 d5 30. Nd6 Qe2 31. Re1 Qd2 32. exd5 Qf4 33. Re8+ Kh7 34. Qf5 Rc1+ 35. Rxc1 Qxc1+ 36. Kg2 1-0

[Event "TUR-chT"]
[White "Sanal, Suna"]
[Black "Menzi, Nezihe Ezgi"]
[Site "Konya"]
[Round "4"]
[Result "1/2-1/2"]
[Date "2011.07.01"]
[WhiteElo "1685"]
[BlackElo "1868"]
[PlyCount "68"]
[EventDate "2011.06.28"]
[EventType "team-swiss"]
[EventRounds "13"]
[EventCountry "TUR"]
[SourceTitle "CBM 143 Extra"]
[Source "ChessBase"]
[SourceDate "2011.08.29"]
[SourceVersion "1"]
[SourceVersionDate "2011.08.29"]
[SourceQuality "1"]
[WhiteTeam "Bursa Tophane"]
[BlackTeam "Yapi Kredi"]
[WhiteTeamCountry "TUR"]
[BlackTeamCountry "TUR"]

1. e4 c5 2. Nf3 d6 3. Bb5+ Bd7 4. Bxd7+ Qxd7 5. 0-0 Nc6 6. c3 Nf6 7. Re1 e6 8. d4 cxd4 9. cxd4 d5 10. e5 Ne4 11. Nbd2 Nxd2 12. Bxd2 Be7 13. Rc1 0-0 14. a3 Rfc8 15. Rc3 Rc7 16. Rd3 Rac8 17. Ng5 h6 18. Nh3 Bf8 19. Qg4 Kh8 20. Nf4 Ne7 21. Bb4 Nf5 22. Bxf8 Rxf8 23. Nh5 Rfc8 24. h3 Rc1 25. Rxc1 Rxc1+ 26. Kh2 Qb5 27. Rf3 g6 28. Ng3 Qxb2 29. Nxf5 exf5 30. Qh4 Kg7 31. Qf6+ Kg8 32. Qd8+ Kg7 33. Qf6+ Kg8 34. Qd8+ Kh7 1/2-1/2

[Event "World School-ch U17 Girls 6th"]
[White "Sanal, Suna"]
[Black "Kaplan, Ebru"]
[Site "Kayseri"]
[Round "6"]
[Result "0-1"]
[Date "2010.07.25"]
[WhiteElo "1713"]
[BlackElo "1799"]
[PlyCount "62"]
[EventDate "2010.07.21"]
[EventType "tourn"]
[EventRounds "11"]
[EventCountry "TUR"]
[SourceTitle "CBM 137 Extra"]
[Source "ChessBase"]
[SourceDate "2010.09.01"]
[SourceVersion "1"]
[SourceVersionDate "2010.09.01"]
[SourceQuality "1"]

1. e4 c5 2. Nf3 Nc6 3. d4 cxd4 4. Nxd4 g6 5. Nc3 Bg7 6. Be3 Nf6 7. Bc4 0-0 8. Bb3 d6 9. h3 Bd7 10. 0-0 Rc8 11. Re1 Na5 12. Qd3 a6 13. Rad1 b5 14. Bc1 Nb7 15. Nd5 Nc5 16. Nxf6+ Bxf6 17. Qg3 a5 18. c3 a4 19. Bc2 b4 20. cxb4 Na6 21. e5 dxe5 22. Rxe5 Nxb4 23. Bb1 Qc7 24. Nf3 Be6 25. Bf4 Qa7 26. a3 Bb3 27. Rde1 Nc2 28. Rc1 Nd4 29. Be3 Ne2+ 30. Kh2 Nxg3 31. Bxa7 Rxc1 0-1

[Event "World School-ch U17 Girls 6th"]
[White "Olenina, Aysa"]
[Black "Sanal, Suna"]
[Site "Kayseri"]
[Round "3"]
[Result "1-0"]
[Date "2010.07.23"]
[WhiteElo "2039"]
[BlackElo "1713"]
[PlyCount "53"]
[EventDate "2010.07.21"]
[EventType "tourn"]
[EventRounds "11"]
[EventCountry "TUR"]
[SourceTitle "CBM 137 Extra"]
[Source "ChessBase"]
[SourceDate "2010.09.01"]
[SourceVersion "1"]
[SourceVersionDate "2010.09.01"]
[SourceQuality "1"]

1. e4 c5 2. Nf3 e6 3. d4 cxd4 4. Nxd4 a6 5. Nc3 b5 6. a3 Bb7 7. Bd3 Qc7 8. 0-0 Nf6 9. Nb3 Be7 10. f4 d6 11. Be3 0-0 12. Qf3 Nbd7 13. Qg3 Rfe8 14. f5 Bf8 15. fxe6 fxe6 16. Bg5 Kh8 17. Rae1 e5 18. Qh4 Ra7 19. Re3 h6 20. Rg3 Nh7 21. Qh5 Qc8 22. Be3 Ndf6 23. Qg6 Ra8 24. Bxh6 Qd7 25. Bg5 Nxg5 26. Rxg5 Qe6 27. Nd5 1-0

[Event "World School-ch U17 Girls 6th"]
[White "Sanal, Suna"]
[Black "Kaya, Emel"]
[Site "Kayseri"]
[Round "4"]
[Result "0-1"]
[Date "2010.07.23"]
[WhiteElo "1713"]
[BlackElo "2015"]
[PlyCount "74"]
[EventDate "2010.07.21"]
[EventType "tourn"]
[EventRounds "11"]
[EventCountry "TUR"]
[SourceTitle "CBM 137 Extra"]
[Source "ChessBase"]
[SourceDate "2010.09.01"]
[SourceVersion "1"]
[SourceVersionDate "2010.09.01"]
[SourceQuality "1"]

1. e4 c5 2. Nf3 g6 3. Nc3 Bg7 4. d4 cxd4 5. Nxd4 Nc6 6. Be3 Nf6 7. Bc4 0-0 8. Bb3 d6 9. f3 Bd7 10. Qd2 Rc8 11. 0-0-0 Nxd4 12. Bxd4 b5 13. Nd5 Nxd5 14. Bxd5 Bxd4 15. Qxd4 Qc7 16. Rd2 a5 17. a3 b4 18. axb4 axb4 19. Qxb4 Rb8 20. Qc4 Ra8 21. Kb1 Qa5 22. Bxa8 Rxa8 23. c3 Qa1+ 24. Kc2 Qxh1 25. h3 Ra1 26. Qd4 Qb1+ 27. Kb3 Be6+ 28. c4 Qa2+ 29. Kc3 Bxc4 30. Qb6 Be6 31. Qb4 Qa7 32. Qd4 Rc1+ 33. Kd3 Bc4+ 34. Ke3 Re1+ 35. Kf2 Qxd4+ 36. Rxd4 Re2+ 37. Kg3 Bb3 0-1

[Event "TUR-ch (Women)"]
[White "Keskin, Suara"]
[Black "Sanal, Suna"]
[Site "Konya"]
[Round "7"]
[Result "1-0"]
[Date "2010.07.13"]
[WhiteElo "1662"]
[BlackElo "1713"]
[PlyCount "63"]
[EventDate "2010.07.10"]
[EventType "swiss"]
[EventRounds "9"]
[EventCountry "TUR"]
[SourceTitle "CBM 137 Extra"]
[Source "ChessBase"]
[SourceDate "2010.09.01"]
[SourceVersion "1"]
[SourceVersionDate "2010.09.01"]
[SourceQuality "1"]

1. e4 c5 2. Nf3 e6 3. d4 cxd4 4. Nxd4 a6 5. Be3 Qc7 6. Nc3 b5 7. Be2 Bb7 8. f3 Nf6 9. 0-0 Be7 10. Qe1 0-0 11. Rd1 d6 12. Bd3 Nbd7 13. Qg3 Rfd8 14. Be2 Rac8 15. Kh1 Nc5 16. h4 b4 17. Nb1 Kh8 18. Qh2 Bf8 19. g4 d5 20. Bf4 Qb6 21. e5 Nfd7 22. g5 Nb8 23. h5 Rd7 24. Rg1 Nc6 25. Be3 Qc7 26. Nxc6 Qxc6 27. g6 h6 28. gxf7 Rxf7 29. Qg3 Be7 30. Qg6 Rcf8 31. Bxc5 Qxc5 32. Bd3 1-0

[Event "TUR-chT"]
[White "Sanal, Suna"]
[Black "Soylemez, Cansu"]
[Site "Konya"]
[Round "8"]
[Result "0-1"]
[Date "2010.07.05"]
[WhiteElo "1713"]
[BlackElo "1935"]
[PlyCount "84"]
[EventDate "2010.06.29"]
[EventType "team-tourn"]
[EventRounds "13"]
[EventCountry "TUR"]
[SourceTitle "CBM 137 Extra"]
[Source "ChessBase"]
[SourceDate "2010.09.01"]
[SourceVersion "1"]
[SourceVersionDate "2010.09.01"]
[SourceQuality "1"]

1. e4 c5 2. Nc3 Nc6 3. g3 g6 4. Bg2 Bg7 5. d3 d6 6. f4 Nf6 7. Nf3 0-0 8. 0-0 Rb8 9. h3 b5 10. g4 b4 11. Ne2 Nd7 12. Rb1 Qa5 13. Ra1 Qb6 14. Kh1 a5 15. Ng3 a4 16. f5 Nde5 17. Nxe5 Bxe5 18. Qf3 Nd4 19. Qf2 Bg7 20. g5 Ba6 21. f6 exf6 22. gxf6 Bh8 23. Bh6 Rfe8 24. h4 Nc6 25. h5 Ne5 26. hxg6 hxg6 27. Bh3 Bc8 28. Nf5 Bxf6 29. Nxd6 Qxd6 30. Bxc8 Rbxc8 31. Qxf6 Qxf6 32. Rxf6 Ng4 33. Bg5 Nxf6 34. Bxf6 Re6 35. Rf1 c4 36. a3 b3 37. dxc4 bxc2 38. Bc3 Rxe4 39. Rc1 Re2 40. Kg1 Rxc4 41. Kf1 Rh2 42. Kg1 Rch4 0-1

[Event "EU School-ch U17 Girls"]
[White "Sanal, Suna"]
[Black "Arabidze, Meri"]
[Site "Thessaloniki"]
[Round "6"]
[Result "0-1"]
[Date "2010.04.09"]
[WhiteElo "1719"]
[BlackElo "2292"]
[PlyCount "94"]
[EventDate "2010.04.05"]
[EventType "swiss"]
[EventRounds "9"]
[EventCountry "GRE"]
[SourceTitle "CBM 136 Extra"]
[Source "ChessBase"]
[SourceDate "2010.07.02"]
[SourceVersion "2"]
[SourceVersionDate "2010.07.15"]
[SourceQuality "1"]

1. e4 c6 2. d4 d5 3. Nd2 dxe4 4. Nxe4 Bf5 5. Ng3 Bg6 6. h4 h6 7. Nf3 Nd7 8. h5 Bh7 9. Bd3 Bxd3 10. Qxd3 e6 11. Bd2 Ngf6 12. 0-0-0 Be7 13. Kb1 0-0 14. Ne4 c5 15. Nxf6+ Nxf6 16. Be3 Qa5 17. dxc5 Bxc5 18. Bxc5 Qxc5 19. Qd4 Rac8 20. c3 Qxd4 21. Nxd4 Rc5 22. Nb3 Rg5 23. g3 Ne4 24. f4 Rxg3 25. Rhe1 Nf6 26. Re5 Nd5 27. Rd4 Rg1+ 28. Kc2 Rg2+ 29. Kc1 Rf2 30. f5 Rh2 31. fxe6 fxe6 32. Nc5 Rf1+ 33. Rd1 Rxd1+ 34. Kxd1 Rxb2 35. c4 Nf4 36. a3 Kf7 37. Re4 Nxh5 38. Nxe6 Nf6 39. Nd8+ Kf8 40. Re3 Ng4 41. Rg3 h5 42. Ne6+ Kf7 43. Nf4 g6 44. Rf3 Ne5 45. Rg3 Rf2 46. Ne2 Rf6 47. Rg2 Nxc4 0-1

[Event "EU School-ch U17 Girls"]
[White "Sanal, Suna"]
[Black "Khalafova, Narmin Ilgar Qizi"]
[Site "Thessaloniki"]
[Round "1"]
[Result "0-1"]
[Date "2010.04.05"]
[WhiteElo "1719"]
[BlackElo "2012"]
[PlyCount "74"]
[EventDate "2010.04.05"]
[EventType "swiss"]
[EventRounds "9"]
[EventCountry "GRE"]
[SourceTitle "CBM 136 Extra"]
[Source "ChessBase"]
[SourceDate "2010.07.02"]
[SourceVersion "2"]
[SourceVersionDate "2010.07.15"]
[SourceQuality "1"]

1. e4 d6 2. d4 Nf6 3. Nc3 g6 4. Nf3 Bg7 5. Be2 0-0 6. h3 c5 7. 0-0 cxd4 8. Nxd4 Nc6 9. Nxc6 bxc6 10. Be3 d5 11. exd5 cxd5 12. Bf3 e6 13. Rb1 Bb7 14. Qd2 Qd7 15. Rfd1 Rfd8 16. a4 e5 17. Bg5 d4 18. Bxb7 Qxb7 19. Na2 Ne4 20. Qc1 Nxg5 21. Qxg5 Rac8 22. Qd2 Qc6 23. Nb4 Qxa4 24. Ra1 Qd7 25. Ra6 Bf8 26. Rda1 Bxb4 27. Qxb4 Rxc2 28. Rxa7 Qf5 29. Rf1 e4 30. Qe7 Qd5 31. b4 e3 32. Ra5 e2 33. Rxd5 exf1Q+ 34. Kxf1 Rxd5 35. Qe4 d3 36. g4 Rc1+ 37. Kg2 d2 0-1

[Event "Wch U16 Girls"]
[White "Anker, Christin"]
[Black "Sanal, Suna"]
[Site "Kemer"]
[Round "4"]
[Result "1-0"]
[Date "2009.11.15"]
[WhiteElo "1888"]
[BlackElo "1719"]
[PlyCount "77"]
[EventDate "2009.11.12"]
[EventType "swiss"]
[EventRounds "11"]
[EventCountry "TUR"]
[SourceTitle "EXT 2010"]
[Source "ChessBase"]
[SourceDate "2010.11.25"]
[SourceVersion "1"]
[SourceVersionDate "2010.11.25"]
[SourceQuality "1"]

1. e4 Nc6 2. Nc3 e5 3. f4 Nf6 4. Nf3 d6 5. Bc4 Bg4 6. Be2 Be7 7. d3 0-0 8. 0-0 Bxf3 9. Rxf3 d5 10. exd5 Nxd5 11. Nxd5 Qxd5 12. Rh3 Bc5+ 13. Kh1 Nd4 14. fxe5 Qxe5 15. Rh5 f5 16. Bf1 Rae8 17. Bd2 Qd5 18. c3 Ne6 19. d4 Bd6 20. Qa4 c5 21. Re1 Bb8 22. Bc4 Qd6 23. Qb3 Rf6 24. Bg5 Rg6 25. dxc5 Qd7 26. Bb5 Qc8 27. Bxe8 Qxe8 28. Bc1 Qc6 29. Re2 f4 30. Qd5 Qb5 31. c4 Qa6 32. Rf5 h6 33. a3 Kh7 34. Rf7 f3 35. Rxf3 Ng5 36. Bxg5 Rxg5 37. Qd3+ Rg6 38. Rf8 Bc7 39. Ree8 1-0

[Event "TUR-ch (Women)"]
[White "Kovan, Nazli"]
[Black "Sanal, Suna"]
[Site "Konya"]
[Round "8"]
[Result "0-1"]
[Date "2009.07.13"]
[WhiteElo "1636"]
[BlackElo "1794"]
[PlyCount "60"]
[EventDate "2009.07.09"]
[EventType "swiss"]
[EventRounds "9"]
[EventCountry "TUR"]
[SourceTitle "CBM 131 Extra"]
[Source "ChessBase"]
[SourceDate "2009.09.03"]
[SourceVersion "2"]
[SourceVersionDate "2009.09.16"]
[SourceQuality "1"]

1. d4 Nf6 2. Bf4 g6 3. Nf3 Bg7 4. Qd2 0-0 5. Bh6 d6 6. Bxg7 Kxg7 7. Nc3 Bf5 8. h4 c5 9. 0-0-0 Nbd7 10. e4 Bxe4 11. Nxe4 Nxe4 12. Qe3 Nef6 13. h5 Ng4 14. Qd2 Ndf6 15. hxg6 hxg6 16. Ng5 Rh8 17. Bc4 d5 18. Bb3 c4 19. Ba4 a6 20. f3 Nh6 21. Rh3 b5 22. Rdh1 Qb6 23. Bxb5 axb5 24. Rxh6 Rxh6 25. Ne6+ fxe6 26. Rxh6 Qa5 27. Qe3 Kf7 28. a3 c3 29. bxc3 Qxa3+ 30. Kd2 b4 0-1

[Event "TUR-ch (Women)"]
[White "Abdimanoglu, Beste Basak"]
[Black "Sanal, Suna"]
[Site "Konya"]
[Round "2"]
[Result "1/2-1/2"]
[Date "2009.07.10"]
[WhiteElo "1741"]
[BlackElo "1794"]
[PlyCount "109"]
[EventDate "2009.07.09"]
[EventType "swiss"]
[EventRounds "9"]
[EventCountry "TUR"]
[SourceTitle "CBM 131 Extra"]
[Source "ChessBase"]
[SourceDate "2009.09.03"]
[SourceVersion "2"]
[SourceVersionDate "2009.09.16"]
[SourceQuality "1"]

1. d4 d5 2. c4 e6 3. Nc3 Nf6 4. Nf3 Nbd7 5. Bg5 c6 6. e3 Qa5 7. Nd2 Bb4 8. Qc2 0-0 9. Be2 dxc4 10. Bxf6 Nxf6 11. Bxc4 Qc7 12. h3 b6 13. 0-0 Bb7 14. Bd3 Rfd8 15. Nde4 Nxe4 16. Bxe4 h6 17. Rac1 Rac8 18. Qa4 Bxc3 19. Rxc3 c5 20. Bxb7 Qxb7 21. dxc5 Rxc5 22. Rxc5 bxc5 23. b3 Rd6 24. Qc4 Rd5 25. Rc1 Qd7 26. Qa6 Kh7 27. Qc4 Qd6 28. Qe4+ Kg8 29. Qc4 Kh7 30. Qb5 a6 31. Qc4 Kg8 32. Qc3 Rd2 33. a4 Rd3 34. Qc4 Rd5 35. Rb1 Kf8 36. Rc1 Kg8 37. Rb1 Kf8 38. Rc1 Ke7 39. Qh4+ Kf8 40. Qc4 Ke8 41. h4 Qb6 42. Rb1 Qd6 43. Qg4 Kf8 44. Qc4 Ke8 45. Qg4 Kf8 46. Qc4 Kg8 47. Rc1 Kf8 48. Rb1 Kg8 49. Rc1 Rd3 50. Rb1 Rd2 51. Rc1 Rd3 52. Rb1 Rd5 53. Rc1 Rd2 54. Rb1 Rd5 55. Rc1 1/2-1/2